000 00838cam a22002653a 4500
001 1049
003 PGUSA
005 20140828082956.0
008 970901s1997||||xxu|||||s|||||000 | eng d
040 _aPGUSA
_beng
042 _adc
050 4 _aF786
100 1 _aSummerhayes, Martha,
_d1844-1926
245 1 0 _aVanished Arizona :
_bRecollections of the Army Life by a New England Woman
_h[electronic resource] /
_cMartha Summerhayes
260 _bProject Gutenberg,
_c1997
506 _aPublic domain in the USA.
516 _aElectronic text
653 _aSummerhayes, Martha, 1844-1926
653 _aUnited States. Army -- Military life
653 _aArizona -- Description and travel
653 _aArizona -- Biography
830 0 _aProject Gutenberg
_v1049
856 4 0 _uhttp://www.gutenberg.org/ebooks/1049
942 _cEB
999 _c230400
_d230400